[Event "Trophee Karpov Preliminary 2012"]
[Site "Cap d'Agde FRA"]
[Date "2012.10.30"]
[Round "9"]
[White "Karpov, Anatoly"]
[Black "Edouard, Romain"]
[Result "1/2-1/2"]
[WhiteTitle "GM"]
[BlackTitle "GM"]
[WhiteElo "2616"]
[BlackElo "2664"]
[WhiteFideId "4100026"]
[BlackFideId "633429"]
[EventDate "2012.10.26"]

1. Nf3 c5 2. c4 Nc6 3. Nc3 Nf6 4. e3 e6 5. d4 d5 6. cxd5 exd5 7. Bb5 Bd6 8. dxc5
Bxc5 9. O-O O-O 10. h3 Bf5 11. b3 Qa5 12. Bb2 Rfd8 13. Bxc6 bxc6 14. Rc1 Be7 15.
Qd4 c5 16. Qf4 Be6 17. Rfd1 Rab8 18. Qa4 Qb6 19. Qf4 Qa5 20. Qa4 Qc7 21. Qa6 c4
22. Ba3 Bc8 23. Qa4 Bd7 24. Qa6 Bc8 25. Qa4 Bd7 1/2-1/2

[Event "Trophee Karpov Preliminary 2012"]
[Site "Cap d'Agde FRA"]
[Date "2012.10.30"]
[Round "9"]
[White "Milliet, Sophie"]
[Black "Sebag, Marie"]
[Result "1/2-1/2"]
[WhiteTitle "IM"]
[BlackTitle "GM"]
[WhiteElo "2421"]
[BlackElo "2521"]
[WhiteFideId "623725"]
[BlackFideId "617822"]
[EventDate "2012.10.26"]

1. e4 c5 2. Nf3 d6 3. d4 cxd4 4. Qxd4 Nc6 5. Bb5 Bd7 6. Bxc6 Bxc6 7. Nc3 Nf6 8.
Bg5 e6 9. O-O-O Be7 10. Rhe1 O-O 11. e5 dxe5 12. Nxe5 Qxd4 13. Rxd4 Rac8 14.
Nxc6 Rxc6 15. Ne4 Rfc8 16. Re2 Rc4 17. Nxf6+ gxf6 18. Be3 Rxd4 19. Bxd4 a6 20.
Re3 e5 21. Bc3 Bc5 22. Re2 Kg7 23. Bd2 Kg6 24. Be3 f5 25. Bxc5 Rxc5 26. b4 Rc4
27. Rxe5 Rxb4 28. Re7 1/2-1/2

[Event "Trophee Karpov Preliminary 2012"]
[Site "Cap d'Agde FRA"]
[Date "2012.10.30"]
[Round "9"]
[White "Goryachkina, Aleksandra"]
[Black "Ju, Wenjun"]
[Result "0-1"]
[WhiteTitle "WGM"]
[BlackTitle "WGM"]
[WhiteElo "2384"]
[BlackElo "2498"]
[WhiteFideId "4147103"]
[BlackFideId "8603006"]
[EventDate "2012.10.26"]

1. d4 Nf6 2. c4 g6 3. Nc3 Bg7 4. e4 d6 5. Nf3 O-O 6. Be2 e5 7. Be3 Ng4 8. Bg5 f6
9. Bh4 g5 10. Bg3 Nh6 11. d5 f5 12. exf5 Nxf5 13. Nd2 a5 14. Bg4 Na6 15. Nde4 b6
16. O-O Nc5 17. b3 h6 18. Rc1 Bd7 19. h3 Qe7 20. Bh2 Be8 21. a3 Bg6 22. b4 axb4
23. axb4 Nxe4 24. Nxe4 Nd4 25. Re1 Kh8 26. Bh5 Bh7 27. c5 bxc5 28. bxc5 Ra2 29.
Bg3 Nf5 30. Re2 Ra3 31. cxd6 cxd6 32. Bg4 Bg6 33. Re1 Nxg3 34. fxg3 Bxe4 35.
Rxe4 Rxg3 36. Kh2 Ra3 37. Qe2 Qa7 38. Rf1 Rxf1 39. Qxf1 Ra1 40. Qf5 Qg1+ 41. Kg3
Ra3+ 42. Bf3 Qc5 43. Qe6 Ra8 44. Kh2 Rf8 45. Re2 Qc4 46. Re4 Qc2 47. Kg3 Qc5 48.
Kh2 Rxf3 49. Ra4 Rf8 50. Ra6 e4 51. Rxd6 Qd4 0-1

[Event "Trophee Karpov Preliminary 2012"]
[Site "Cap d'Agde FRA"]
[Date "2012.10.30"]
[Round "10"]
[White "Ju, Wenjun"]
[Black "Milliet, Sophie"]
[Result "1-0"]
[WhiteTitle "WGM"]
[BlackTitle "IM"]
[WhiteElo "2498"]
[BlackElo "2421"]
[WhiteFideId "8603006"]
[BlackFideId "623725"]
[EventDate "2012.10.26"]

1. d4 Nf6 2. c4 e6 3. Nc3 Bb4 4. e3 O-O 5. Bd3 c5 6. Ne2 d5 7. O-O cxd4 8. exd4
dxc4 9. Bxc4 Nc6 10. Be3 b6 11. a3 Bd6 12. h3 Bb7 13. Rc1 Rc8 14. Qd3 Ne7 15.
Bg5 Ng6 16. Ba6 Bxa6 17. Qxa6 Ra8 18. Nb5 h6 19. Bxf6 gxf6 20. Nxd6 Qxd6 21. Rc3
Kh7 22. Qb7 Qb8 23. Qf3 f5 24. Rfc1 Nh4 25. Qh5 Qd8 26. Rc7 Ng6 27. Qf3 Qg5 28.
R1c6 f4 29. Rxe6 Nh4 30. Qe4+ Kh8 31. Re5 f5 32. Qc6 f3 33. Ng3 fxg2 34. Re6 Kg8
35. Rxh6 Nf3+ 36. Kxg2 Ne1+ 37. Kh1 1-0

[Event "Trophee Karpov Preliminary 2012"]
[Site "Cap d'Agde FRA"]
[Date "2012.10.30"]
[Round "10"]
[White "Ivanchuk, Vassily"]
[Black "Karpov, Anatoly"]
[Result "1/2-1/2"]
[WhiteTitle "GM"]
[BlackTitle "GM"]
[WhiteElo "2771"]
[BlackElo "2616"]
[WhiteFideId "14100010"]
[BlackFideId "4100026"]
[EventDate "2012.10.26"]

1. d4 Nf6 2. c4 e6 3. g3 d5 4. Bg2 Be7 5. Nf3 O-O 6. O-O dxc4 7. Qc2 a6 8. a4
Bd7 9. Rd1 Bc6 10. Nc3 Bb4 11. Bg5 Bxc3 12. bxc3 Nbd7 13. Ne5 Bxg2 14. Kxg2 h6
15. Nxd7 Qxd7 16. Bxf6 gxf6 17. e4 b5 18. Qe2 f5 19. d5 Rfe8 20. Qh5 Kg7 21.
dxe6 Qxe6 22. exf5 Qc6+ 23. Kg1 Rad8 24. axb5 1/2-1/2

[Event "Trophee Karpov Preliminary 2012"]
[Site "Cap d'Agde FRA"]
[Date "2012.10.30"]
[Round "10"]
[White "Edouard, Romain"]
[Black "Goryachkina, Aleksandra"]
[Result "1-0"]
[WhiteTitle "GM"]
[BlackTitle "WGM"]
[WhiteElo "2664"]
[BlackElo "2384"]
[WhiteFideId "633429"]
[BlackFideId "4147103"]
[EventDate "2012.10.26"]

1. e4 c6 2. Nf3 d5 3. Nc3 Bg4 4. Be2 Nf6 5. h3 Bxf3 6. Bxf3 e6 7. O-O Be7 8. d4
O-O 9. Re1 Nbd7 10. e5 Ne8 11. Ne2 b5 12. Nf4 c5 13. c3 Rb8 14. Be2 c4 15. a3 a5
16. Bf1 Nb6 17. g3 b4 18. axb4 axb4 19. Qg4 Kh8 20. h4 Ra8 21. Rb1 Ra2 22. Re3
Qa8 23. Qd1 Ra1 24. Bd2 Rxb1 25. Qxb1 b3 26. Re1 Nc7 27. Qd1 Qa2 28. Bc1 Na4 29.
Re2 Qb1 30. Qd2 Rb8 31. Nh3 Nb5 32. Ng5 Kg8 33. Re1 h6 34. Nf3 Nbxc3 35. bxc3 b2
36. Be2 bxc1=Q 37. Rxc1 Qb2 38. Bd1 Ba3 39. Rc2 Qb1 40. Kg2 Rb2 41. Rxb2 Nxb2
42. Bc2 Qa2 43. g4 Nd3 44. Bxd3 Qxd2 45. Nxd2 cxd3 46. Kf3 Bb2 47. Ke3 Bxc3 48.
Kxd3 Bb4 49. h5 Kf8 50. Nf1 Ke7 51. Ne3 Be1 52. f4 Bb4 53. g5 Kf8 54. gxh6 gxh6
55. f5 Ba3 56. Kc2 Kg7 57. f6+ Kg8 58. Ng4 Kh7 59. Nf2 Bb4 60. Nd3 Ba3 61. Kb3
Bf8 62. Nc5 Kh8 63. Nd7 Kg8 64. Ka4 1-0

[Event "Trophee Karpov Preliminary 2012"]
[Site "Cap d'Agde FRA"]
[Date "2012.10.31"]
[Round "11"]
[White "Karpov, Anatoly"]
[Black "Sebag, Marie"]
[Result "1-0"]
[WhiteTitle "GM"]
[BlackTitle "GM"]
[WhiteElo "2616"]
[BlackElo "2521"]
[WhiteFideId "4100026"]
[BlackFideId "617822"]
[EventDate "2012.10.26"]

1. d4 d5 2. c4 c6 3. Nf3 Nf6 4. e3 Bf5 5. Nc3 e6 6. Nh4 Be4 7. f3 Bg6 8. Qb3 Qc7
9. g3 Nbd7 10. Bd2 Nb6 11. cxd5 exd5 12. O-O-O a5 13. Nxg6 hxg6 14. e4 dxe4 15.
fxe4 a4 16. Qc2 a3 17. b3 Bb4 18. Bg2 Rd8 19. Bf4 Qe7 20. Bf3 O-O 21. h4 c5 22.
d5 c4 23. Kb1 cxb3 24. Qxb3 Bxc3 25. d6 Qe6 26. Qxc3 Nxe4 27. Qb4 Rfe8 28. Rhe1
Nd5 29. Rxd5 Qxd5 30. Bxe4 Rxe4 31. Qxe4 Qb5+ 32. Kc2 Rc8+ 33. Kd2 Qb2+ 34. Kd1
Qxa2 35. d7 Rf8 36. Qd3 Rd8 37. Re8+ Kh7 38. Rxd8 1-0

[Event "Trophee Karpov Preliminary 2012"]
[Site "Cap d'Agde FRA"]
[Date "2012.10.31"]
[Round "11"]
[White "Bauer, Christian"]
[Black "Milliet, Sophie"]
[Result "1/2-1/2"]
[WhiteTitle "GM"]
[BlackTitle "IM"]
[WhiteElo "2664"]
[BlackElo "2421"]
[WhiteFideId "603767"]
[BlackFideId "623725"]
[EventDate "2012.10.26"]

1. c4 Nf6 2. Nc3 c5 3. Nf3 e6 4. e3 d5 5. d4 Nc6 6. a3 cxd4 7. exd4 Be7 8. Bd3
dxc4 9. Bxc4 O-O 10. O-O b6 11. Bg5 h6 12. Bh4 Bb7 13. Ba2 Nd5 14. Bg3 Nxc3 15.
bxc3 Rc8 16. Qd3 Bf6 17. Bb1 g6 18. h4 h5 19. Qe3 Ne7 20. Be5 Nf5 21. Bxf5 exf5
22. Bxf6 Qxf6 23. Ne5 Qxh4 24. f3 Rfe8 25. Rfc1 Qg3 26. Qf2 Qxf2+ 27. Kxf2 Kg7
28. a4 f6 29. Nd3 Ba6 30. Nf4 g5 31. Nxh5+ Kg6 32. Ng3 f4 33. Ne4 f5 34. Nd6
Re2+ 35. Kg1 Rd8 36. Nb5 g4 37. Re1 Re3 38. fxg4 fxg4 39. Rxe3 fxe3 40. Re1 Bxb5
41. axb5 Re8 42. Kf1 Kf5 43. d5 Ke4 44. Rd1 Rd8 45. d6 Ke5 46. d7 Ke6 47. Ke2
Rxd7 48. Rxd7 Kxd7 49. Kxe3 Kd6 50. Kd4 g3 51. c4 Ke6 52. Ke4 Kd6 53. Kf4 Kc5
54. Kxg3 Kxc4 55. Kf4 Kxb5 56. g4 a5 57. g5 a4 58. g6 a3 59. g7 a2 60. g8=Q a1=Q
61. Qd5+ Kb4 62. Qd6+ Kb5 63. Qd5+ 1/2-1/2

[Event "Trophee Karpov Preliminary 2012"]
[Site "Cap d'Agde FRA"]
[Date "2012.10.31"]
[Round "12"]
[White "Ju, Wenjun"]
[Black "Bauer, Christian"]
[Result "0-1"]
[WhiteTitle "WGM"]
[BlackTitle "GM"]
[WhiteElo "2498"]
[BlackElo "2664"]
[WhiteFideId "8603006"]
[BlackFideId "603767"]
[EventDate "2012.10.26"]

1. d4 e6 2. c4 b6 3. Nf3 Bb7 4. e3 f5 5. g3 Nf6 6. Bg2 Bb4+ 7. Bd2 a5 8. O-O O-O
9. a3 Be7 10. Nc3 Ba6 11. b3 c6 12. Re1 d5 13. Ne2 Bd6 14. Nf4 Qe8 15. Ng5 Bc8
16. h4 h6 17. Nf3 Nbd7 18. Qc2 Ba6 19. Bc3 Ne4 20. Ne5 Bxe5 21. dxe5 g5 22. hxg5
hxg5 23. Ne2 a4 24. cxd5 axb3 25. Qxb3 exd5 26. Bb2 Ndc5 27. Qc2 Nd3 28. Nd4 Bc4
29. g4 Qxe5 30. f4 gxf4 31. exf4 Qg7 32. Nxf5 Qxb2 33. Qxb2 Nxb2 34. Bxe4 dxe4
35. Rxe4 Bd3 36. Ne7+ Kf7 37. Re5 Nc4 38. Nxc6 Rfc8 39. Re7+ Kf8 40. Rd7 Bf5 41.
gxf5 Rxc6 42. Re1 Re8 43. Rc1 Re4 44. Ra7 Rxf4 45. Rd1 Nd6 46. Rd7 Nxf5 47. Rh7
Kg8 48. Rh3 Kg7 49. Rd7+ Kf6 50. Rb7 Kg5 51. Rh8 Kg4 52. Rg8+ Kf3 53. Rh8 Rg4+
54. Kh1 Rc1+ 55. Kh2 Rg2+ 0-1

[Event "Trophee Karpov Preliminary 2012"]
[Site "Cap d'Agde FRA"]
[Date "2012.11.01"]
[Round "13"]
[White "Karpov, Anatoly"]
[Black "Bauer, Christian"]
[Result "1-0"]
[WhiteTitle "GM"]
[BlackTitle "GM"]
[WhiteElo "2616"]
[BlackElo "2664"]
[WhiteFideId "4100026"]
[BlackFideId "603767"]
[EventDate "2012.10.26"]

1. d4 e6 2. c4 Bb4+ 3. Bd2 Qe7 4. e4 Nf6 5. Bxb4 Qxb4+ 6. Qd2 Qxd2+ 7. Nxd2 d6
8. f4 c5 9. dxc5 dxc5 10. e5 Ng4 11. Bd3 Nc6 12. h3 Nb4 13. Be4 f5 14. hxg4 fxe4
15. Ke2 O-O 16. Nh3 b6 17. a3 Nd3 18. Ke3 Bb7 19. g3 h6 20. b3 Rad8 21. Nxe4 Rd4
22. Nd6 Bxh1 23. Rxh1 Nb2 24. Nf2 g5 25. Nde4 gxf4+ 26. gxf4 Rfd8 27. Nd6 b5 28.
Nxb5 Rd3+ 29. Nxd3 Rxd3+ 30. Ke4 Rxb3 31. Nd6 Nd3 32. Rh2 Rxa3 33. f5 exf5+ 34.
gxf5 Nb4 35. f6 Ra1 36. f7+ Kf8 37. Rxh6 Re1+ 38. Kf5 Rf1+ 39. Ke6 Kg7 40. Rh4
Nc6 41. Nf5+ Kf8 42. Rh8# 1-0

[Event "Trophee Karpov Preliminary 2012"]
[Site "Cap d'Agde FRA"]
[Date "2012.11.01"]
[Round "13"]
[White "Goryachkina, Aleksandra"]
[Black "Milliet, Sophie"]
[Result "1/2-1/2"]
[WhiteTitle "WGM"]
[BlackTitle "IM"]
[WhiteElo "2384"]
[BlackElo "2421"]
[WhiteFideId "4147103"]
[BlackFideId "623725"]
[EventDate "2012.10.26"]

1. Nf3 Nf6 2. c4 c5 3. Nc3 e6 4. g3 b6 5. Bg2 Bb7 6. O-O Be7 7. d4 cxd4 8. Qxd4
d6 9. Bg5 O-O 10. Rfd1 Nc6 11. Qd2 Na5 12. b3 h6 13. Bxf6 Bxf6 14. Rac1 Be7 15.
Nb5 Qb8 16. b4 Nc6 17. Nfd4 Nxd4 18. Nxd4 Bxg2 19. Kxg2 Qb7+ 20. Kg1 a6 21. a4
Bf6 22. e3 Rfd8 23. b5 Bxd4 24. Qxd4 a5 25. e4 Qc7 26. Qe3 Rac8 27. Kg2 Qc5 28.
Qxc5 Rxc5 29. f4 Kf8 30. Kf3 Ke7 31. Rd4 f6 32. Ke3 g5 33. Rc2 gxf4+ 34. gxf4
Rh5 35. Rg2 Kf7 36. Kd2 Rh4 37. Rf2 Rg4 38. Kc2 Ke7 39. Rd3 h5 40. Kb2 h4 41. h3
Rg1 42. e5 dxe5 43. Rxd8 Kxd8 44. fxe5 fxe5 45. c5 bxc5 46. Rc2 Kc7 47. Rxc5+
Kb7 48. Rxe5 Rg2+ 49. Kb1 Rg3 50. Rxe6 Rxh3 51. Kb2 Rg3 52. Rh6 h3 53. Rh7+ Kb6
54. Rh6+ Kb7 55. Rh7+ Kb6 56. Rh6+ Kb7 57. Rh7+ 1/2-1/2

[Event "Trophee Karpov Preliminary 2012"]
[Site "Cap d'Agde FRA"]
[Date "2012.11.01"]
[Round "14"]
[White "Sebag, Marie"]
[Black "Ivanchuk, Vassily"]
[Result "1/2-1/2"]
[WhiteTitle "GM"]
[BlackTitle "GM"]
[WhiteElo "2521"]
[BlackElo "2771"]
[WhiteFideId "617822"]
[BlackFideId "14100010"]
[EventDate "2012.10.26"]

1. e4 e6 2. d4 d5 3. Nd2 c5 4. exd5 Qxd5 5. dxc5 Nf6 6. Ngf3 Qxc5 7. Bd3 Nbd7 8.
O-O Be7 9. Qe2 Qc7 10. Ne4 Nxe4 11. Qxe4 Nc5 12. Qc4 O-O 13. Bg5 h6 14. Bf4 Bd6
15. Bxd6 Qxd6 16. Rad1 Qe7 17. Ne5 b6 18. Qf4 Bb7 19. Bb5 Rad8 20. Bc6 Qf6 21.
Qxf6 gxf6 22. Bxb7 fxe5 23. Bc6 Rc8 24. Rd6 Rc7 25. b4 Rfc8 26. bxc5 Rxc6 27.
Rxc6 Rxc6 28. cxb6 Rxb6 29. Rc1 Rb2 30. c4 Rxa2 31. c5 Rb2 32. c6 Rb8 33. Ra1
Rc8 34. Rxa7 Rxc6 35. g3 Kg7 36. Kg2 e4 37. Ra5 Kg6 38. h4 f5 39. Ra8 Rc2 40.
Kg1 Rc3 41. Re8 Kf7 42. Rh8 e3 43. fxe3 Kg7 44. Ra8 Rxe3 45. Kf2 Re5 46. Re8 Re4
47. Kf3 h5 48. Re7+ Kg6 49. Re8 Re1 50. Kf2 Re5 51. Kf3 Re4 52. Rg8+ Kh7 53. Rg5
Kh6 54. Rg8 Ra4 55. Rh8+ Kg6 56. Rg8+ Kh7 57. Re8 Ra6 58. Kf4 Kg7 59. Kg5 Kf7
60. Rb8 Ra3 61. Rb7+ Ke8 62. Kf6 Rxg3 63. Kxe6 Kf8 64. Rf7+ Kg8 65. Rxf5 Ra3 66.
Rxh5 Ra6+ 67. Kf5 Ra5+ 68. Kg4 Rxh5 1/2-1/2

[Event "Trophee Karpov Preliminary 2012"]
[Site "Cap d'Agde FRA"]
[Date "2012.11.01"]
[Round "14"]
[White "Bauer, Christian"]
[Black "Goryachkina, Aleksandra"]
[Result "1-0"]
[WhiteTitle "GM"]
[BlackTitle "WGM"]
[WhiteElo "2664"]
[BlackElo "2384"]
[WhiteFideId "603767"]
[BlackFideId "4147103"]
[EventDate "2012.10.26"]

1. e4 c6 2. d4 d5 3. f3 Qb6 4. a4 a5 5. exd5 cxd5 6. Nc3 Nf6 7. Bf4 Bd7 8. Nb5
Na6 9. c3 e6 10. Qb3 Qc6 11. Nh3 Be7 12. Bd3 O-O 13. O-O Nh5 14. Qc2 h6 15. Be5
Qb6 16. Kh1 Rac8 17. Qe2 f6 18. Bg3 Nxg3+ 19. hxg3 Nc7 20. Nf4 Bxb5 21. axb5 Bd6
22. Ng6 Rfe8 23. f4 Bf8 24. g4 Red8 25. g5 f5 26. g4 Re8 27. gxh6 gxh6 28. Rg1
Bg7 29. gxf5 exf5 30. Ne7+ Kh8 31. Nxc8 Rxc8 32. Rxg7 Kxg7 33. Qe7+ Kh8 34. Bxf5 1-0

[Event "Trophee Karpov Preliminary 2012"]
[Site "Cap d'Agde FRA"]
[Date "2012.11.01"]
[Round "14"]
[White "Milliet, Sophie"]
[Black "Edouard, Romain"]
[Result "1/2-1/2"]
[WhiteTitle "IM"]
[BlackTitle "GM"]
[WhiteElo "2421"]
[BlackElo "2664"]
[WhiteFideId "623725"]
[BlackFideId "633429"]
[EventDate "2012.10.26"]

1. e4 e6 2. d4 d5 3. exd5 exd5 4. Bf4 Bd6 5. Bxd6 Qxd6 6. c3 Bf5 7. Bd3 Bxd3 8.
Qxd3 c6 9. Nd2 Nd7 10. Ngf3 Ngf6 1/2-1/2